MARC

LEADER 00000nam0a2200000 4500
001 272631
005 20231101234543.0
035 |a (RuTPU)RU\TPU\book\295838 
090 |a 272631 
100 |a 20141020d1987 k y0rusy50 ca 
101 0 |a rus 
102 |a RU 
105 |a a z 001zy 
200 1 |a Конструкторско-технологические основы проектирования полосковых микросхем  |f под ред. И. П. Бушминского 
210 |a Москва  |c Радио и связь  |d 1987 
215 |a 272 с.  |c ил. 
320 |a Библиогр.: с. 263-266 
320 |a Предметный указатель: с. 267-268 
606 1 |a Полупроводниковые схемы  |2 stltpush  |3 (RuTPU)RU\TPU\subj\50742  |9 69392 
610 1 |a конструкторско-технологические расчеты 
610 1 |a проектирование 
610 1 |a полосковые микросхемы 
610 1 |a оптимизация 
610 1 |a параметры 
610 1 |a диодные схемы 
610 1 |a СВЧ 
610 1 |a транзисторные усилители 
675 |a 621.382.049  |v 3 
702 1 |a Бушминский  |b И. П.  |4 340 
801 1 |a RU  |b 63413507  |c 20141020 
801 2 |a RU  |b 63413507  |c 20170317  |g RCR 
942 |c BK